000
00319 a2200109 4500
001
ART_50436
005
20260410162043.0
008
260409a
245
1
0
_a
Disminuye la asimetría en las tasas de interés
100
1
_a
Coronello, Silvina E.
773
0
_t
Impuestos
_g
- N°64 (nov. 2019)
_w
REV45175
999
_c
35076
_d
35076